| 000 | 00489nam a2200181 a 4500 | ||
|---|---|---|---|
| 005 | 20140310183441.0 | ||
| 008 | 080804s19uu xx 00 eng d | ||
| 020 | _a02508362 | ||
| 050 |
_aRA 643.86 _b.Ai288 1997 |
||
| 245 |
_aAIDS : _bno time for complacency. / |
||
| 260 |
_aNew Delhi, India : _bWorld Health Organization, _c1997. |
||
| 300 |
_a89 p. : _c23 cm. |
||
| 521 | _aNUR | ||
| 650 | _aNursing books. | ||
| 650 | _aAIDS (disease). | ||
| 942 |
_cBK _2lcc _kFOR |
||
| 999 |
_c23127 _d23127 |
||